000 00363 a2200133 4500
005 20250628074939.0
020 _a978-93-856-7613-0
082 _a330.1 AHU
100 _aLAHUJA,H.L
245 _aModern Microeconomics:Theory and Application
260 _aNew delhi
_bS.Chand&company PVT.LTD
_c2008
300 _aXvi,957p.;ill,figure.
_bIndex
_c24cm
942 _2ddc
_cBKS
999 _c5845
_d5845